| 000 | 01520nam a2200277Ia 4500 | ||
|---|---|---|---|
| 999 |
_c41444 _d41444 |
||
| 001 | 8108 | ||
| 003 | GE_BSU | ||
| 005 | 20240311155706.0 | ||
| 008 | 181216s2006||||ge |||||||||||||| ||geo|| | ||
| 020 | _a9992871970 | ||
| 040 | _cGE_BSU | ||
| 041 | _ageo | ||
| 080 | _a821.351.21-91 ლ-18 | ||
| 245 |
_aლაკური ფოლკლორი = Лакский фольклор / _c[შემდგ. ლია ჩლაიძე ; მთ. რედ. ნაირა გელაშვილი ; ფილოლ. თარგმ. ლაკურიდან ქართულად გივი ლუარსაბიშვილისა, რუს. მაია გაიდაროვასი]. |
||
| 264 |
_aთბილისი : _bკავკასიური სახლი, _c2006. |
||
| 300 |
_a126 გვ. ; _c20 სმ. |
||
| 490 | _aკავკასიის ხალხთა ფოლკლორი | ||
| 500 | _aტექსტი ქართულ და რუსულ ენებზე | ||
| 541 | _h7ლ. | ||
| 653 | _aლაკური ფოლკლორი | ||
| 700 |
_aჩლაიძე, ლია _eშემდგენელი _921384 |
||
| 700 |
_aგელაშვილი, ნაირა _eმთ. რედაქტორი _9817 |
||
| 700 |
_aლუარსაბიშვილი, გივი _eმტარგმნელი _921378 |
||
| 700 |
_aგაიდაროვა, მაია _eმთარგმნელი _921385 |
||
| 942 |
_cBK _2udc |
||